000
00338nam a2200145Ia 4500
008
191201s2005 xx 000 0 und d
082
_a
530
_b
TAN
100
_a
TAYAL, D C
245
0
_a
Nuclear Physics
250
_a
1st Rep
260
_a
N.Delhi
_b
Himalaya Publication House
_c
2005
300
_a
679
650
_a
Applied
942
_2
ddc
_c
BK
999
_c
935
_d
935